Izolačné vlastnosti a prieraz hradlového oxidu štruktúry MOS : Dát. obhaj. 25.02.2010, č. ved. odb. 26-13-9

Salvato in:
Dettagli Bibliografici
Autore principale: Valent, Peter, 1979- (Autore)
Altri autori: Harmatha, Ladislav, 1948- (Relatore della tesi)
Natura: Manoscritto Libro
Lingua:slovacco
Pubblicazione: Bratislava : STU v Bratislave FEI, 2009
Soggetti:
Tags: Aggiungi Tag
Nessun Tag, puoi essere il primo ad aggiungerne!!

MARC

LEADER 00000ntm a22000003a 4500
001 stu201850
005 20230413112016.0
008 100331s2009----xo------------------slo-d
040 |a STU  |b slo 
041 0 |a slo 
044 |a xo 
100 1 |a Valent, Peter,  |d 1979-  |4 aut  |u E210  |U FEI Fakulta elektrotechniky a informatiky  |T FEI Katedra mikroelektroniky  |X 10156  |U E210  |Y 68  |7 A000010156 
245 1 |a Izolačné vlastnosti a prieraz hradlového oxidu štruktúry MOS :  |b Dát. obhaj. 25.02.2010, č. ved. odb. 26-13-9 
260 |a Bratislava :  |b STU v Bratislave FEI,  |c 2009 
300 |a 94 s 
650 7 |a elektronika  |2 stusub 
650 7 |a izolačné vlastnosti  |2 stusub 
650 7 |a MOS štruktúry  |2 stusub 
650 7 |a prierazné napätie  |2 stusub 
700 1 |a Harmatha, Ladislav,  |d 1948-  |4 ths  |u E030  |U FEI Fakulta elektrotechniky a informatiky  |T FEI Ústav elektroniky a fotoniky  |X 2055  |U E030  |Y 549  |7 A000002055 
996 |b 284ED01267  |c E*ZP-131  |l EE01  |s A  |a 24  |w stu201850_0001